| 000 | 00570nam a2200181Ia 4500 | ||
|---|---|---|---|
| 008 | 151202s9999||||xx |||||||||||||| ||und|| | ||
| 082 | _bPNVM-71826 | ||
| 100 | _aदेवरे सुधीर. | ||
| 245 | _aअहिराणी गोत. | ||
| 260 | _bपद्गंधा प्रकाशन पुणे. | ||
| 260 | _c71826 | ||
| 300 | _a216 | ||
| 600 | _aदेवरे सुधीर. | ||
| 630 | _aअहिराणी गोत. | ||
| 700 | _aदेवरे सुधीर. | ||
| 730 | _aअहिराणी गोत. | ||
| 942 | _cBOOK | ||
| 999 |
_c1338495 _d1338492 |
||